US States Ending With a Consonant Quiz Stats

 Plays Quiz Updated Apr 12, 2015

Score 0/16 Timer 02:00
12 Plays Today
% Correct
Texas
89.7%
Washington
89.5%
New York
88.8%
Oregon
84.2%
Kansas
80.6%
Vermont
80.3%
Arkansas
79.4%
Michigan
77.8%
% Correct
Connecticut
73.1%
Illinois
73.1%
Wyoming
72.4%
Wisconsin
71.1%
Utah
70.8%
Massachusetts
69.9%
Rhode Island
69.1%
Maryland
67.6%

You're not logged in!

Compare scores with friends on all Sporcle quizzes.
OR
Log In

Sporcle TV

Today on Sporcle TV


Watch our educational content, quiz creation guides, and fun videos on Sporcle TV.

Show Comments

Extras

Top Quizzes Today


Score Distribution

Your Account Isn't Verified!

In order to create a playlist on Sporcle, you need to verify the email address you used during registration. Go to your Sporcle Settings to finish the process.

Report this User

Report this user for behavior that violates our Community Guidelines.

Details: